Vocational-technical mathematics / (Record no. 8804)
[ view plain ]
| 000 -LEADER | |
|---|---|
| fixed length control field | 00815pam a2200277 a 4500 |
| 001 - CONTROL NUMBER | |
| JCCL Control Number | 8804 |
| 003 - CONTROL NUMBER IDENTIFIER | |
| JCCL marc code | BD-JhCC |
| 005 - DATE AND TIME OF LATEST TRANSACTION | |
| control field | 20180304104633.0 |
| 008 - FIXED-LENGTH DATA ELEMENTS--GENERAL INFORMATION | |
| fixed length control field | 901128s1991 nyua 001 0 eng |
| 020 ## - INTERNATIONAL STANDARD BOOK NUMBER | |
| International Standard Book Number | 0827333145 (textbook) |
| 020 ## - INTERNATIONAL STANDARD BOOK NUMBER | |
| International Standard Book Number | 0827333153 (manual) |
| 035 ## - SYSTEM CONTROL NUMBER | |
| system control number | (BD-JhCC)8804 |
| 040 ## - CATALOGING SOURCE | |
| Original cataloging agency | DLC |
| Transcribing agency | DLC |
| Modifying agency | DLC |
| -- | BD-JhCC |
| 041 ## - LANGUAGE CODE | |
| Language code of Book | eng |
| 050 00 - LIBRARY OF CONGRESS CALL NUMBER | |
| Classification number | QA39.2 |
| Item number | .S618 1991 |
| 082 00 - DEWEY DECIMAL CLASSIFICATION NUMBER | |
| Classification number | 510 |
| DDC Edition number | 20 |
| Author mark and Year | SMI 1991 |
| 100 1# - MAIN ENTRY--PERSONAL NAME | |
| Personal name | Smith, Robert Donald, |
| Dates associated with a name | 1931- |
| 245 10 - TITLE STATEMENT | |
| Title | Vocational-technical mathematics / |
| Statement of responsibility, etc | Robert D. Smith. |
| 250 ## - EDITION STATEMENT | |
| Edition statement | 2nd ed. |
| 260 ## - PUBLICATION, DISTRIBUTION, ETC. (IMPRINT) | |
| Place of publication, distribution, etc | Albany, N.Y. : |
| Name of publisher, distributor, etc | Delmar Publishers, |
| Date of publication, distribution, etc | c1991. |
| 300 ## - PHYSICAL DESCRIPTION | |
| Pagination | xv, 678 p. : |
| Other physical details | ill. ; |
| Dimensions | 28 cm. + |
| Accompanying material | 1 solutions manual with tests (iii, 219 p. :ill. ;28 cm.) |
| 500 ## - GENERAL NOTE | |
| General note | Includes index. |
| 650 #0 - SUBJECT ADDED ENTRY--TOPICAL TERM | |
| Topical term or geographic name as entry element | Mathematics. |
| 942 ## - ADDED ENTRY ELEMENTS (KOHA) | |
| Source of classification or shelving scheme | Dewey Decimal Classification |
| Koha item type | Books |
| Source of classification or shelving scheme | Damaged status | Not for loan | Home library | Current library | Shelving location | Total Checkouts | Full call number | Barcode | Date last seen | Copy number | Koha item type |
|---|---|---|---|---|---|---|---|---|---|---|---|
| Dewey Decimal Classification | JCC Rouf Library | JCC Rouf Library | General Stacks | 510 SMI 1991 | 11775 | 03/04/2018 | C - 1 | Books |